| 000 | 00418nam a2200181Ia 4500 | ||
|---|---|---|---|
| 001 | 13616 | ||
| 005 | 20260306164814.0 | ||
| 008 | 260306t1998||||xx |||||||||||||| ||spa|| | ||
| 041 | _aESP | ||
| 082 |
_a005.1 _bJ19 |
||
| 100 |
_aJamsa, Kris _eAUT |
||
| 245 | 0 | _aProgramación para el web | |
| 260 | _c1998 | ||
| 300 |
_axx, 502 pƔginas : _c23 cm. |
||
| 650 | _aGEN | ||
| 654 | _aCCC | ||
| 942 |
_cLIB _dJUS _fJUS _2ddc _n |
||
| 999 |
_c13616 _d13616 |
||